Antología lírica

Uloženo v:
Podrobná bibliografie
Hlavní autor: Herrera y Reissig, Julio (Autor)
Médium: Kniha
Jazyk:španělština
Vydáno: Santiago Ediciones Ercilla 1942
Vydání:2a. ed
Témata:
Tagy: Přidat tag
Žádné tagy, Buďte první, kdo vytvoří štítek k tomuto záznamu!

MARC

LEADER 00000cam a2200000 a 4500
001 UCE4228
003 CL-VaPUC
008 141016e19420000cl |||||||||||||||||spa|d
082 0 4 |a Ur861  |b HER  |2 21 
100 |a Herrera y Reissig, Julio  |e author  |9 576799 
245 1 0 |a Antología lírica 
250 |a 2a. ed 
300 |a 189 p 
942 |c BK 
945 |d 20141016 12:02:00  |a dcastane 
260 |a Santiago  |b Ediciones Ercilla  |c 1942 
500 |a Sus mejores poemas y sonetos compilados por C. Sabat Ercasty y Manuel de Castro, precedidos de noticias críticas y biográficas 
650 0 |a Poesías uruguayas   |9 268420 
650 0 |a Literatura uruguaya  |9 342815 
583 |a last modification  |c 20141016 12:02:00  |k Rodrigo Vera 
999 |c 357256  |d 357254 
952 |0 0  |1 0  |3 erb  |4 0  |6 UR_861_000000000000000_HER_1942  |7 0  |8 A  |9 465124  |a BIBART  |b BIBART  |i 5039460  |o Ur861 HER 1942  |p 5039460  |r 2025-03-13  |w 2019-11-23  |y BK  |z Catalogado en:20141016  |k ART